County of London Plan /
Salvato in:
| Autori principali: | , |
|---|---|
| Natura: | Libro |
| Lingua: | inglese |
| Pubblicazione: |
London :
Macmillan and Co. Limited,
1944
|
| Edizione: | 1. vydanie |
| Soggetti: | |
| Tags: |
Nessun Tag, puoi essere il primo ad aggiungerne!!
|
MARC
| LEADER | 00000nam a22000003a 4500 | ||
|---|---|---|---|
| 001 | 0109423 | ||
| 003 | SK-STU | ||
| 005 | 20240520151843.1 | ||
| 007 | ta | ||
| 008 | 240520s ----xo-----e------000-0-----d | ||
| 040 | |a STU |b slo | ||
| 041 | 0 | |a eng | |
| 044 | |a xxk | ||
| 100 | 1 | |a Forshaw, J.H. |4 aut | |
| 245 | 1 | 0 | |a County of London Plan / |c aut. J.H Forshaw, Patrick Abercrombie |
| 250 | |a 1. vydanie | ||
| 260 | |a London : |b Macmillan and Co. Limited, |c 1944 | ||
| 300 | |a 188 s. | ||
| 650 | 0 | 7 | |a Londýn |
| 700 | 1 | |a Abercrombie, Patrick |4 aut | |
| 996 | |b 284AU10004 |c A* 13372/U |l AAKNAR |s A |a 24 |w 0109423_0001 | ||